| 000 | 00766nam a22002297a 4500 | ||
|---|---|---|---|
| 005 | 20250707120556.0 | ||
| 010 | _aENG-145704-705 | ||
| 020 |
_a9789367130735(Vol 1) _c1160.00 |
||
| 020 |
_a9789367136652(Vol 2) _c1270.00 |
||
| 035 | _aEN-129236-237 | ||
| 037 | _bDBAD | ||
| 082 |
_a005.133 _213 |
||
| 100 |
_aHorstmann, Cat S. _982665 |
||
| 245 |
_aCore Java: _b(Fundamentals and Advanced Features)/ _cCat S. Horstmann |
||
| 250 | _a13 | ||
| 260 |
_aNoida _bPearson India Education _c2025 |
||
| 270 |
_a15th Floor, Towe-B, World Trade Tower, Plot No.1, Block-C, Sector-16 _bNoida _e201301 |
||
| 300 |
_a663p.,866p. _c28cm(pbk) |
||
| 490 | _v1,2 | ||
| 500 | _aVol 1-Fundamentals Vol 2-Advanced Features | ||
| 942 |
_2ddc _cEN _h005133 _mHOR |
||
| 999 |
_c212155 _d212155 |
||